00719 2200265 4500001002100000005001500021035002000036007000300056008004100059020002200100082001100122084001700133100001600150245011600166250001000282260004500292300002600337650002400363990001100387990001100398990001100409990001100420990001100431990001100442INLIS00000000000212720180726092204 a0010-0718000079ta180726 g 0 ind  a978-979-22-2528-0 a658.04 a658.04 JAM p0 aJAMES, Gwee1 aPositive Business Ideas :bProven, Practical, and Easy-to-Apply Ideas to Improve Your Performance /cJames Gwee acet.4 aJakarta :bGramedia Pustaka Utama,c2007 ax, 193 hlm. ;c17 cm. aMANAJEMEN EKSEKUTIF a16462a a16462b a16462b a16462a a16462a a16462b